| 000 | 00401nam a2200157Ia 4500 | ||
|---|---|---|---|
| 008 | 151213s9999 xx 000 0 und d | ||
| 100 | _aAbu Taher Mojumder | ||
| 245 |
_aBangladesh Historical Studies _cAbu Taher Mojumder |
||
| 250 | _a1st | ||
| 260 |
_aDhaka _bD. University _c1978 |
||
| 300 | _a4315 p. | ||
| 650 | _aReference | ||
| 650 | _aStudies | ||
| 700 | _aAbu Taher Mojumder | ||
| 999 |
_c2729 _d2729 |
||